ბათუმის შოთა რუსთაველის სახელმწიფო უნივერსიტეტის ბიბლიოთეკა

ტაო-კლარჯეთის ძეგლების 2014 წლის საკვლევი ექსპედიციების ანგარიშები / (ბიბ.ჩანაწერი № 50702)

000 -ლიდერი
ფიქსირებული სიგრძის საკონტროლო ველი 02384nam a2200313Ia 4500
001 - საკონტროლო ნომერი
საკონტროლო ველი 17653
003 - საკონტროლო ნომრის იდენტიფიკატორი
საკონტროლო ველი GE_BSU
005 - ბოლო ოპერაციის თარიღი და დრო
საკონტროლო ველი 20200220165952.0
008 - ფიქსირებული სიგრძის მონაცემთა ელემენტები - ზოგადი ინფორმაცია
ფიქსირებული სიგრძის საკონტროლო ველი 181216s2015ge xx |||||||||||||| ||geo||
020 ## - წიგნის საერთაშორისო სტანდარტული ნომერი
International Standard Book Number 978-9941-0-7362-5
040 ## - კატალოგიზაციის წყარო
Transcribing agency GE_BSU
041 ## - ენის კოდი
Language code of text/sound track or separate title geo
080 ## - უნივერსალური ათობითი კლასიფიკაციის ინდექსი
Universal Decimal Classification number 726 ტ-28
245 ## - ცნობა სათაურის შესახებ
Title ტაო-კლარჯეთის ძეგლების 2014 წლის საკვლევი ექსპედიციების ანგარიშები /
Statement of responsibility, etc მოამზადეს თეიმურაზ ხუციშვილმა (ხელმძღვ.) ; ლევან წიქარიშვილმა ; ანა გელაშვილმა ; [და სხვ.] ;
250 ## - გამოცემის ცნობა
Edition statement მეორე გადამუშავებული და შევსებული გამოცემა
264 ## - წარმოების, გამოცემის, დისტრიბუციის და სხვა ცნობები
გამოცემის, წარმოების, დისტრიბუციის... ადგილი თბილისი :
გამოცემის, წარმოების, დისტრიბუციის... სახელწოდება გრიფონი,
გამოცემის, წარმოების, დისტრიბუციის... თარიღი 2015.
300 ## - ფიზიკური აღწერა
Extent 196 გვ.:
Other physical details ფოტ. + 1 დაკ. რუკა ;
Dimensions 29 სმ.
500 ## - ზოგადი შენიშვნა
General note საკვლევი ექსპედიციები ტარდება პროექტის "თურქეთში მდებარე ქართული ისტორიული მხარეების ტაო-კლარჯეთისა და კოლა-არტანის ქართული მატერიალური კულტურის ძეგლების კატალოგის" ფარგლებში"
504 ## - BIBLIOGRAPHY, ETC. NOTE
Bibliography, etc ბიბლიოგრ.: გვ. 193-195.
520 ## - SUMMARY, ETC.
Summary, etc რეზ. რუს..
546 ## - LANGUAGE NOTE
Language note შესავალი ქართ., ინგლ. და თურქ. ენ.
653 ## - INDEX TERM--UNCONTROLLED
Uncontrolled term ქართული ეკლესიები თურქეთში ტაო-კლარჯეთის ეკლესიების არქიტექტურა
653 ## - INDEX TERM--UNCONTROLLED
Uncontrolled term არქიტექტურა
700 ## - ADDED ENTRY--PERSONAL NAME
Personal name ხუციშვილი, თეიმურაზ
Relator term ხელმძღვანელი
9 (RLIN) 5232
700 ## - ADDED ENTRY--PERSONAL NAME
Personal name წიქარიშვილი, ლევან
9 (RLIN) 7292
700 ## - ADDED ENTRY--PERSONAL NAME
Personal name გელაშვილი, ანა
9 (RLIN) 7293
710 ## - ADDED ENTRY--CORPORATE NAME
Relator term შოთა რუსთაველის ეროვნ. სამეცნ. ფონდი, კავკასიის უნ-ტი
9 (RLIN) 7294
942 ## - ADDED ENTRY ELEMENTS (KOHA)
Koha item type წიგნი
Source of classification or shelving scheme
ეგზემპლარები
ჩამოწერის სტატუსი დაკარგული ეგზემპლარის სტატუსი კლასიფიკაციის წყარო ან თაროზე გაწყობის სქემა დაზიანების სტატუსი არ გაიცემა მუდმივი მდებარეობა (დაცვის ადგილი) ამჟამინდელი ადგილსამყოფელი თაროზე განთავსების ადგილი შეძენის თარიღი სრული შენახვის შიფრი შტრიხკოდი ბოლო ოპერაციის თარიღი ეგზემპლარის მიმდევრობითი ნომერი (კეტერი?) ფასის ძალაში შესვლის თარიღი ეგზემპლარის სახეობა
          ბათუმის შოთა რუსთაველის სახელმწიფო უნივერსიტეტის მთავარი ბიბლიოთეკა ბათუმის შოთა რუსთაველის სახელმწიფო უნივერსიტეტის მთავარი ბიბლიოთეკა წიგნსაცავი 2018-12-17 726 ტ-28 45640 2018-12-17 45640 2018-12-17 წიგნი